000 00415nam a2200157Ia 4500
005 20250423100527.0
008 250422s9999 xx 000 0 und d
020 _a1888573007
245 0 _aPhysics infomall guide book : how to plan your physics program using the physics infomall
260 _aNew York
260 _bThe Learning Team
260 _c1996
300 _a107 p
650 _aPhysics
942 _cBK
999 _c33579
_d33579